| 000 | 00000nam##2200000za#4500 |
| 001 | 9.680615 |
| 003 | CaOODSP |
| 005 | 20200401054039 |
| 007 | ta |
| 008 | 150407|1998||||xxc||||| f|0| 0 fre|d |
| 020 | |a0-662-83343-0 |
| 040 | |aCaOODSP|bfre |
| 043 | |an-cn--- |
| 086 | 1 |aH68-46/1998F |
| 110 | 1 |aCanada.|bSanté Canada. |bConsei national du bien-être social. |
| 245 | 10|aLes prestations familiales: les enfants restent encore sur leur faim : |brapport du Conseil national du bien-être social |
| 260 | |aOttawa - Ontario : |bSanté Canada. |c1998. |
| 300 | |a37p. : |bgraphiques, tableaux ; |c28 cm. |
| 500 | |a«Le présent rapport est une suite au rapport de 1997 intitulé Prestations pour enfants: un petit pas en avant [no de cat. H68-41/1997F; ISBN 0-662-82029-0]. Il propose des façons de mieux utiliser l'argent fédéral au profit des familles avec enfants mais sans discrimination à l'égard des familles monoparentales.»--Introduction. |
| 520 | 3 |aLe présent rapport est une suite au rapport de 1997 intitulé Prestations pour enfants: un petit pas en avant [no de cat. H68-41/1997F; ISBN 0-662-82029-0]. Il propose des façons de mieux utiliser l'argent fédéral au profit des familles avec enfants mais sans discrimination à l'égard des familles monoparentales.--Introduction |
| 563 | |aCouverture souple |
| 590 | |a98-50|b1998-12-11 |
| 691 | 07|aPension alimentaire|2gcpds |
| 775 | 08|tChild benefits: kids are still hungry : |w(CaOODSP)9.647189 |
| 776 | 0#|tLes prestations familiales : |w(CaOODSP)9.640730 |